Fortnite Season 7 Chapter 1 Battle Pass Skins - Statistics

General Stats
  • This quiz has been taken 27 times
  • The average score is 3 of 7
Answer Stats
Hint Answer % Correct
2nd skin Lynx
91%
7th skin The Ice King
82%
1st skin Zenith
45%
6th skin Onesie
27%
4th skin Powder
27%
3rd skin Sgt. Winter
27%
5th skin Trog
27%
No matching quizzes found
Score Distribution
Percent of People with Each Score
Percentile by Number Answered
Your Score History
You have not taken this quiz